Busiest Railway Stations in The Midlands, England - Statistics

General Stats
  • This quiz has been taken 133 times
  • The average score is 13 of 20
Answer Stats
No. of Passenger Entries / Exits Station % Correct
43,741,712 Birmingham New Street
99%
7,558,210 Coventry
94%
4,993,372 Wolverhampton
87%
6,642,412 Birmingham Moor Street
78%
4,089,076 Derby
77%
5,392,710 Leicester
77%
7,858,974 Nottingham
76%
3,120,812 Stoke-on-Trent
76%
4,443,064 Birmingham Snow Hill
74%
2,340,286 Stafford
66%
6,664,422 Birmingham International
65%
2,527,944 Rugby
61%
1,864,830 Lincoln Central
52%
2,211,520 Shrewsbury
51%
3,174,680 Northampton
48%
1,903,742 Solihull
47%
2,671,422 Leamington Spa
45%
3,474,918 University (Birmingham)
37%
2,177,060 Worcester Foregate Street
27%
2,847,772 Selly Oak
17%
No matching quizzes found
Score Distribution
Percent of People with Each Score
Percentile by Number Answered
Your Score History
You have not taken this quiz